000 00669nam a2200289Ia 4500
005 20260324131037.0
008 008 260324s9999 xx 000 0 eng d
020 _a9780203099834
037 _aEBOOK
040 _aCRL
040 _beng
040 _cCRL
041 _2eng
041 _aeng
084 _qCRL
100 _aCarl A. Trocki
_91184005
245 0 _aSingapore
245 0 _bWealth, Power and the Culture of Control
260 _bTaylor and Francis
260 _c2006
365 _a
365 _b230
856 _uhttp://www.taylorfrancis.com/books/9780203099834
942 _cEBOOK
999 _c1780815
_d1780815